ბათუმის შოთა რუსთაველის სახელმწიფო უნივერსიტეტის ბიბლიოთეკა

ცადამყვანები, გამაბრუებლები და სხვები : (ბიბ.ჩანაწერი № 55615)

000 -ლიდერი
ფიქსირებული სიგრძის საკონტროლო ველი 02881nam a2200337Ia 4500
001 - საკონტროლო ნომერი
საკონტროლო ველი 22710
003 - საკონტროლო ნომრის იდენტიფიკატორი
საკონტროლო ველი GE_BSU
005 - ბოლო ოპერაციის თარიღი და დრო
საკონტროლო ველი 20211015112300.0
008 - ფიქსირებული სიგრძის მონაცემთა ელემენტები - ზოგადი ინფორმაცია
ფიქსირებული სიგრძის საკონტროლო ველი 181216s2017||||ge |||||||||||||| ||geo||
020 ## - წიგნის საერთაშორისო სტანდარტული ნომერი
International Standard Book Number 9789941272257
040 ## - კატალოგიზაციის წყარო
Transcribing agency GE_BSU
041 ## - ენის კოდი
Language code of text/sound track or separate title geo
080 ## - უნივერსალური ათობითი კლასიფიკაციის ინდექსი
Universal Decimal Classification number 613.83+615.212.7+616 ი-53
100 ## - მთავარი ჩანაწერი - პიროვნების სახელი
Personal name ინაბა, დერილ ს. უილიამ ე. კოენი.
9 (RLIN) 12659
245 ## - ცნობა სათაურის შესახებ
Title ცადამყვანები, გამაბრუებლები და სხვები :
Remainder of title ფსიქოაქტიური საშუალებების ფიზიკური და ფსიქიკური ეფექტები /
Statement of responsibility, etc დერილ ს. ინაბა, უილიამ ე. კოენი; რედაქტორი: ნინო აღდგომელაშვილი; მთარგმნელები: მაკა ჩხეიძე, ქეთევან თოდაძე და სხვ.
250 ## - გამოცემის ცნობა
Edition statement მერვე გამოცემა.
264 ## - წარმოების, გამოცემის, დისტრიბუციის და სხვა ცნობები
გამოცემის, წარმოების, დისტრიბუციის... ადგილი თბილისი :
გამოცემის, წარმოების, დისტრიბუციის... სახელწოდება [გ.გ.],
გამოცემის, წარმოების, დისტრიბუციის... თარიღი 2017.
300 ## - ფიზიკური აღწერა
Extent 448 გვ. :
Other physical details ფოტ., ცხრ. ;
Dimensions 30 სმ.
300 ## - ფიზიკური აღწერა
Other physical details თავფურცლის მე-2 გვერდი ინგლ. ენაზე.
300 ## - ფიზიკური აღწერა
Dimensions ბიბლიოგრ.: გვ. 421-448.
500 ## - ზოგადი შენიშვნა
General note გამოცემა დაფინანსებულია ევროკომისიის დაფინანსების მექანიზმის გამოყენებით, პროექტის "ადამიანური რესურსების მტკიცებულებათა ბაზისა და ხარისხის სტანდარტების განვითარება საქართველოს ადიქტოლოგიაში" ფარგლებში.
653 ## - INDEX TERM--UNCONTROLLED
Uncontrolled term მედიცინა
653 ## - INDEX TERM--UNCONTROLLED
Uncontrolled term ფსიქოაქტიური ნივთიერებები. წამალთდამოკიდებულება. ფსიქიატრული დაავადებები.
653 ## - INDEX TERM--UNCONTROLLED
Uncontrolled term ცადამყვანები, გამაბრუებლები და სხვები : ფსიქოაქტიური საშუალებების ფიზიკური და ფსიქიკური ეფექტები
700 ## - ADDED ENTRY--PERSONAL NAME
Personal name უილიამ ე., კოენი
Relator term ავტორი
9 (RLIN) 12660
700 ## - ADDED ENTRY--PERSONAL NAME
Personal name აღდგომელაშვილი, ნინო
Relator term რედაქტორი
9 (RLIN) 12661
700 ## - ADDED ENTRY--PERSONAL NAME
Personal name ჩხეიძე, მაკა
Relator term მთარგმნელი
9 (RLIN) 12662
700 ## - ADDED ENTRY--PERSONAL NAME
Personal name თოდაძე, ქეთევან
Relator term მთარგმნელი
9 (RLIN) 12663
942 ## - ADDED ENTRY ELEMENTS (KOHA)
Koha item type წიგნი
Source of classification or shelving scheme
ეგზემპლარები
ჩამოწერის სტატუსი დაკარგული ეგზემპლარის სტატუსი კლასიფიკაციის წყარო ან თაროზე გაწყობის სქემა დაზიანების სტატუსი არ გაიცემა მუდმივი მდებარეობა (დაცვის ადგილი) ამჟამინდელი ადგილსამყოფელი თაროზე განთავსების ადგილი შეძენის თარიღი სრული შენახვის შიფრი შტრიხკოდი ბოლო ოპერაციის თარიღი ეგზემპლარის მიმდევრობითი ნომერი (კეტერი?) ფასის ძალაში შესვლის თარიღი ეგზემპლარის სახეობა საჯარო შენიშვნა ღირებულება, შესყიდვის ნორმალური ფასი
          ბათუმის შოთა რუსთაველის სახელმწიფო უნივერსიტეტის მთავარი ბიბლიოთეკა ბათუმის შოთა რუსთაველის სახელმწიფო უნივერსიტეტის მთავარი ბიბლიოთეკა წიგნსაცავი 2018-12-17 613.83+615.212.7+616 ი-53 58133 2018-12-17 58133 2018-12-17 წიგნი 25 ლ.  
          ბათუმის შოთა რუსთაველის სახელმწიფო უნივერსიტეტის მთავარი ბიბლიოთეკა ბათუმის შოთა რუსთაველის სახელმწიფო უნივერსიტეტის მთავარი ბიბლიოთეკა წიგნსაცავი 2018-12-17 613.83+615.212.7+616 ი-53 58134 2018-12-17 58134 2018-12-17 წიგნი 25 ლ. 25.00
          ბათუმის შოთა რუსთაველის სახელმწიფო უნივერსიტეტის მთავარი ბიბლიოთეკა ბათუმის შოთა რუსთაველის სახელმწიფო უნივერსიტეტის მთავარი ბიბლიოთეკა წიგნსაცავი 2018-12-17 613.83+615.212.7+616 ი-53 58135 2018-12-17 58135 2018-12-17 წიგნი 25 ლ. 25.00
          ბათუმის შოთა რუსთაველის სახელმწიფო უნივერსიტეტის მთავარი ბიბლიოთეკა ბათუმის შოთა რუსთაველის სახელმწიფო უნივერსიტეტის მთავარი ბიბლიოთეკა წიგნსაცავი 2018-12-17 613.83+615.212.7+616 ი-53 58136 2018-12-17 58136 2018-12-17 წიგნი 25 ლ. 25.00
          ბათუმის შოთა რუსთაველის სახელმწიფო უნივერსიტეტის მთავარი ბიბლიოთეკა ბათუმის შოთა რუსთაველის სახელმწიფო უნივერსიტეტის მთავარი ბიბლიოთეკა წიგნსაცავი 2018-12-17 613.83+615.212.7+616 ი-53 58137 2018-12-17 58137 2018-12-17 წიგნი 25 ლ. 25.00